Statistics for car brands

Click here to take the quiz!

General Stats

  • This quiz has been taken 318 times
    (316 since last reset)
  • The average score is 14 of 18

Answer Stats

HintAnswer% Correct
AccordHonda
93%
ChargerDodge
93%
Prius CToyota
91%
C-ClassMercedes-Benz
85%
Grand Cherokee WK2Jeep
85%
Corvette ZR1Chevrolet
84%
458 ItailiaFerrari
84%
GT-RNissan
83%
BroncoFord
82%
GallardoLamborghini
82%
JettaVolkswagen
79%
Evolution XMitsubishi
74%
Contienental GTBentley
71%
VanquishAston Martin
71%
XFJaguar
67%
500Fiat
63%
HuaryraPagani
55%
200Chrysler
46%

Score Distribution

Percentile by Number Answered

Percent of People with Each Score

Your Score History

You have not taken this quiz since the last reset